000 00598nam a2200217 a 4500
005 20210219153207.0
008 991125n 000 0 u
035 _aUPN01000083526
100 _aBasow, Robert R.
222 _aJOURNALISM AND MASS COMMUNICATION EDUCATOR
245 _aInternship expectations and learning goals
300 _a48-54
362 _a47, No. 4, 1993
505 _aJulio 1993
653 0 _aACTITUDES DEL ESTUDIANTE
653 0 _aEDUCACION PERIODISTICA
653 0 _aPROGRAMAS INTERNOS
700 _aByrne, Mark V.
904 _aAC
_b021337
905 _aArticulo
999 _c70747
_d70747